Studia Ekonomiczne Zeszyty naukowe Uniwersytetu ekonomicznego w Katowicach
Enregistré dans:
| Format: | Publication en série |
|---|---|
| Langue: | polonais anglais |
| Publié: |
Katowice
Wydawnictwo Uniwersytetu Ekonomicznego w Katowicach
|
| Tags: |
Pas de tags, Soyez le premier à ajouter un tag!
|
MARC
| LEADER | 00000nas1a2200000 4500 | ||
|---|---|---|---|
| 001 | 0260435 | ||
| 005 | 20260206150555.8 | ||
| 022 | |a 2083-8611 | ||
| 041 | 0 | |a pol | |
| 041 | 0 | |a eng | |
| 044 | |a PL | ||
| 245 | 1 | 0 | |a Studia Ekonomiczne |b Zeszyty naukowe Uniwersytetu ekonomicznego w Katowicach |
| 264 | 1 | |a Katowice |b Wydawnictwo Uniwersytetu Ekonomicznego w Katowicach | |